| 000 | 00634nam a2200193 a 4500 | ||
|---|---|---|---|
| 001 | 000012876 | ||
| 005 | 20240412074235.0 | ||
| 008 | 091118s1921 dr r 000 j spa d | ||
| 040 |
_aDO-SdBNP _bspa _cBNPHU |
||
| 082 |
_aRD863.44 _bP298c |
||
| 100 | 1 |
_aPatÃn Maceo, Manuel A., _q (Manuel Antonio) _d1892-1968 _936996 |
|
| 245 | 1 | 0 |
_aCuentos y serpentinas / _cPatin Maceo. |
| 260 |
_aSanto Domingo : _bPatin-Maceo y Hermanos, _c1921. |
||
| 300 |
_a119 p. ; _c20 cm. |
||
| 590 | _aInventariado, 2018/ YL | ||
| 650 | 0 |
_aCuentos dominicanos _9176 |
|
| 650 | 0 |
_aLiteratura dominicana. _967 |
|
| 910 | _aValidado. Control de calidad MMOLINA | ||
| 999 |
_c12524 _d12524 |
||